00302pab a2200121 454500008004000000100002200040245005400062260000900116300001100125362001400136650001100150773001900161180718b1987 xxu||||| |||| 00| 0 eng d aLe - Bihan, Keith aThe Kubotan - an aid to a police officer's safety c1987 a289-93 aOct.-Dec. aPolice aPolice Journal